000 00393pab a2200145 454500
008 180718b1986 xxu||||| |||| 00| 0 eng d
100 _aHaque, Israrul
245 _aThe role of civil servants in an Islamic policy
260 _c1986
300 _a46-58
362 _aJuly-Dec.
650 _aCivil Service - Powers And Functions - Pakistan
773 _aAdministration Journal
909 _a5818
999 _c5818
_d5818